[Event "POL-chT3"]
[Site "Jastrzebia Gora POL"]
[Date "2016.09.09"]
[Round "7.32"]
[White "Kudas, Damian"]
[Black "Walkusz, Witoslaw"]
[Result "1/2-1/2"]
[WhiteElo "2135"]
[BlackElo "2140"]
[EventDate "2016.09.02"]

1.d4 c5 2.d5 Nf6 3.Nf3 d6 4.c4 b5 5.cxb5 a6 6.b6 g6 7.Nc3 Qxb6 8.e4 Bg7 9.
Be2 O-O 10.O-O Nbd7 11.a4 Qb4 12.a5 Ne8 13.Ra4 Qb7 14.Qc2 Nc7 15.Bd2 Ne5 
16.Nxe5 Bxe5 17.Ra2 Nb5 18.Nxb5 axb5 19.b4 Bd4 20.Bc3 Bxc3 21.Qxc3 c4 22.
f4 Qa7+ 23.Kh1 f6 24.h4 e5 25.dxe6 Bxe6 26.f5 gxf5 27.Qg3+ Kh8 28.Qxd6 
Rfe8 29.exf5 Rad8 30.Qb6 Qxb6 31.axb6 Bd5 32.Bh5 Re4 33.Bf3 Rxh4+ 34.Kg1 
Bxf3 35.Rxf3 Rb8 36.Rg3 h5 37.Rg6 Rxb6 38.Ra7 1/2-1/2

[Event "POL-chT3"]
[Site "Jastrzebia Gora POL"]
[Date "2016.09.09"]
[Round "7.33"]
[White "Rawski, Slawomir"]
[Black "Adamowicz, Katarzyna"]
[Result "1-0"]
[WhiteElo "2175"]
[BlackElo "2173"]
[EventDate "2016.09.02"]

1.d4 d5 2.c4 c6 3.Nc3 Nf6 4.Bg5 e6 5.e3 Nbd7 6.cxd5 exd5 7.Bd3 Be7 8.Qc2 
O-O 9.Nge2 Re8 10.f3 Nf8 11.Bh4 g6 12.O-O Ne6 13.Rad1 b6 14.h3 Bb7 15.Bf2 
c5 16.Bb5 Rf8 17.e4 a6 18.exd5 Nxd5 19.Bc4 Nb4 20.Qb3 Nxd4 21.Nxd4 cxd4 
22.Rxd4 Qc8 23.Rf4 Bc5 24.Bxf7+ Kg7 25.Be6 Qc6 26.Rxb4 Bxb4 27.Bd5 Qd6 28.
Bxb7 Ra7 29.Ne4 Qe7 30.Bd4+ Kh6 31.Qe3+ g5 32.Rc1 Rg8 33.Bd5 Rg6 34.Bf6 
1-0

[Event "POL-chT3"]
[Site "Jastrzebia Gora POL"]
[Date "2016.09.09"]
[Round "7.34"]
[White "Lach, Piotr"]
[Black "Cichon, Michal"]
[Result "1/2-1/2"]
[WhiteElo "2135"]
[BlackElo "2021"]
[EventDate "2016.09.02"]

1.e4 e5 2.Nf3 Nc6 3.Bc4 Nf6 4.d3 Be7 5.Bb3 d6 6.c3 Na5 7.Bc2 c5 8.O-O O-O 
9.Nbd2 a6 10.Re1 b5 11.Nf1 Re8 12.Ng3 h6 13.b3 Nc6 14.Bb2 b4 15.c4 a5 16.
a4 Bf8 17.Nd2 Nh7 18.Ndf1 g6 19.Ne3 Bg7 20.Nd5 Nf6 21.Qd2 Nxd5 22.exd5 Nd4
23.Bxd4 cxd4 24.f4 f5 25.Rf1 e4 26.Rae1 e3 27.Qd1 Ra7 28.Kh1 Rf7 29.Ne2 g5
30.g3 g4 31.h4 gxh3 32.Ng1 Qf6 33.Qh5 Bd7 34.Bd1 Rfe7 35.Be2 Bf8 36.Nf3 
Rg7 37.Qxh3 Rg6 38.Nh4 Rg7 39.Rg1 Be7 40.Rg2 Kh7 41.Nf3 Rh8 42.Qh5 Be8 
1/2-1/2

[Event "POL-chT3"]
[Site "Jastrzebia Gora POL"]
[Date "2016.09.09"]
[Round "7.35"]
[White "Drzazga, Rafal"]
[Black "Watorek, Marcin"]
[Result "1/2-1/2"]
[WhiteElo "2068"]
[BlackElo "2111"]
[EventDate "2016.09.02"]

1.e4 c5 2.Nc3 e6 3.Nf3 Nc6 4.d4 cxd4 5.Nxd4 Nf6 6.Be3 Bb4 7.f3 d5 8.Bb5 
Bd7 9.exd5 Nxd5 10.Bxc6 Nxe3 11.Qe2 Bxc3+ 12.bxc3 Nxc2+ 13.Qxc2 Bxc6 14.
Nxc6 bxc6 15.O-O O-O 16.Rfd1 Qb6+ 17.Kh1 Rfd8 18.Rxd8+ Rxd8 19.Re1 g6 20.
h3 Rd5 21.c4 Rd4 22.Qb3 Qd8 23.Qa4 Qh4 24.Rb1 Rxc4 25.Qxa7 Kg7 26.Qe3 c5 
27.Rd1 Qf6 28.a4 Rc3 29.Qe4 Ra3 30.Qc6 Qc3 31.Qe4 Ra2 32.Rd7 Qa1+ 33.Kh2 
Rxa4 34.Qxe6 Qf6 35.Qe3 Rd4 36.Re7 Qd6+ 37.Qe5+ Qxe5+ 38.Rxe5 c4 39.Rc5 
Kf6 40.Kg3 Ke6 41.Kf2 Kd6 42.Rc8 Rd2+ 43.Ke3 Rxg2 44.Rxc4 Ke5 45.h4 h5 46.
Rc5+ Kf6 47.Kf4 Ra2 48.Rc6+ Kg7 49.Rb6 Ra5 50.Rc6 Rf5+ 51.Kg3 Rf6 52.Rc4 
Rd6 53.Kf4 f6 54.Ra4 Kh6 55.Kg3 g5 56.Rb4 Kg6 57.Ra4 Rb6 58.Rc4 Rb5 59.Ra4
Rf5 60.Rb4 gxh4+ 61.Rxh4 Kg5 62.Ra4 Rb5 63.Rc4 Rb1 64.Rc5+ Kg6 65.Ra5 Rg1+
66.Kf4 Rg5 67.Ra8 h4 68.Rh8 Rh5 69.Rg8+ Kf7 70.Rg2 Ke6 71.Re2+ Kd5 72.Kg4 
Rh8 73.Rh2 Ke5 74.Re2+ Kd4 75.Rh2 Ke3 76.Rh3 Rg8+ 77.Kf5 Rg3 78.Rxh4 Rxf3+
79.Kg6 f5 80.Kf6 Kf2 81.Rh5 f4 82.Ke5 Ke3 83.Rh1 Rf2 84.Re1+ Kf3 85.Kf5 
Kg2 86.Re4 f3 87.Rg4+ Kf1 88.Rf4 Ke2 89.Re4+ Kd3 90.Rf4 Rf1 91.Kg4 Ke3 92.
Rf8 Rg1+ 93.Kh3 f2 94.Kh2 f1=Q 95.Re8+ Kd4 96.Rd8+ Ke3 97.Re8+ Kf4 98.Rf8+
Kg4 99.Rg8+ Kf3 100.Rf8+ Ke2 101.Re8+ Kd2 102.Rd8+ Ke1 103.Re8+ Kd2 104.
Rd8+ Kc3 105.Rc8+ Kb4 106.Rb8+ Ka5 107.Ra8+ Kb6 108.Rb8+ Kc7 109.Rc8+ Kxc8
1/2-1/2

[Event "POL-chT3"]
[Site "Jastrzebia Gora POL"]
[Date "2016.09.09"]
[Round "7.36"]
[White "Chrzaszcz, Malvina"]
[Black "Mikulewicz, Joanna"]
[Result "1-0"]
[WhiteElo "2050"]
[BlackElo "2075"]
[EventDate "2016.09.02"]

1.e4 e5 2.Nf3 Nc6 3.Bc4 Nf6 4.d3 Be7 5.O-O O-O 6.Re1 d6 7.c3 a6 8.Bb3 b5 
9.h3 Na5 10.Bc2 c5 11.d4 Qc7 12.Nbd2 Nc6 13.d5 Nb8 14.Nf1 Re8 15.Ng3 Bf8 
16.Bg5 Be7 17.Qd2 Kh8 18.a4 bxa4 19.Bxa4 Rf8 20.b4 c4 21.Qe2 Nbd7 22.Bc6 
Bb7 23.Bxb7 Qxb7 24.Qxc4 Rfc8 25.Qd3 Nb6 26.Nf5 Nc4 27.Nd2 Nxd2 28.Bxd2 
Bf8 29.Ra5 g6 30.Ng3 Ne8 31.Rea1 Nc7 32.c4 Bg7 33.c5 dxc5 34.bxc5 Rd8 35.
Qf3 f5 36.c6 Qb2 37.Bc3 Qc2 38.R5a2 fxe4 39.Nxe4 Qb3 40.d6 Nb5 41.c7 Rf8 
42.Qd3 Nxc3 43.Qxc3 Qd5 44.Rxa6 Rxa6 45.Rxa6 Qxe4 46.c8=Q 1-0

[Event "POL-chT3"]
[Site "Jastrzebia Gora POL"]
[Date "2016.09.09"]
[Round "7.37"]
[White "Steczek, Marcin"]
[Black "Sadowski, Miroslaw"]
[Result "1-0"]
[WhiteElo "2370"]
[BlackElo "2100"]
[EventDate "2016.09.02"]

1.c4 g6 2.Nc3 Bg7 3.Nf3 d6 4.g3 Nf6 5.Bg2 O-O 6.O-O Nc6 7.Rb1 a5 8.a3 e5 
9.d3 d5 10.cxd5 Nxd5 11.Bd2 Nb6 12.Bg5 f6 13.Be3 Be6 14.d4 exd4 15.Nxd4 
Nxd4 16.Qxd4 Qxd4 17.Bxd4 Rfd8 18.Bxb6 cxb6 19.Rfd1 Bb3 20.Bd5+ Bxd5 21.
Nxd5 b5 22.Nc7 Rac8 23.Rxd8+ Rxd8 24.Nxb5 Rd2 25.Kf1 f5 26.b3 Kf7 27.Ke1 
Rd5 28.a4 Bf8 29.Rc1 Bc5 30.e3 Bb4+ 31.Kf1 b6 32.Rc7+ Kg8 33.Nd4 Rd6 34.
Rc6 Kf7 35.Ke2 Kf6 36.f3 Rxc6 37.Nxc6 Bc5 38.Kd3 Ke6 39.Nd4+ Ke5 40.Ne2 
Kd5 41.Nc3+ Ke5 42.g4 fxg4 43.fxg4 Bb4 44.Ne4 Be7 45.h3 h6 46.Nc3 Bc5 47.
Ne2 g5 48.Nc3 Bb4 49.Ne4 Be7 50.Nd2 Kd5 51.Nf3 Bc5 52.e4+ Ke6 53.Kc4 Bf2 
54.Kb5 Be3 55.Kc6 Bf2 56.Kb5 Be3 57.b4 axb4 58.Kxb4 Bf2 59.Kc4 Be3 60.Kb5 
Bf2 61.Nd2 Ke5 62.Nc4+ Kxe4 63.Nxb6 Be1 64.Nd7 Bc3 65.a5 Bd4 66.a6 Ba7 67.
Kc6 1-0

[Event "POL-chT3"]
[Site "Jastrzebia Gora POL"]
[Date "2016.09.09"]
[Round "7.38"]
[White "Pazderski, Ziemowit"]
[Black "Smagalski, Slawomir"]
[Result "1-0"]
[WhiteElo "2263"]
[BlackElo "1943"]
[EventDate "2016.09.02"]

1.d4 Nf6 2.Bg5 c5 3.d5 Ne4 4.Bc1 e6 5.c4 d6 6.g3 Qa5+ 7.Nd2 exd5 8.cxd5 g6
9.Bg2 Nf6 10.Nf3 Bg7 11.O-O O-O 12.Nc4 Qc7 13.Bf4 Ne8 14.a4 b6 15.Re1 Ba6 
16.Nfd2 Nd7 17.e4 Rd8 18.Rc1 f6 19.Be3 Ne5 20.Bf1 Bc8 21.h3 f5 22.Bg5 Rd7 
23.exf5 gxf5 24.f4 Ng6 25.Bd3 Bb7 26.Bxf5 Rxf5 27.Rxe8+ Kf7 28.Qe2 Bxd5 
29.Rf1 Bd4+ 30.Kh2 Kg7 31.Qh5 Kf7 32.Qxh7+ Kxe8 33.Qxg6+ Rff7 34.Re1+ Re7 
35.Rxe7+ Qxe7 36.Bxe7 Bxc4 37.Nxc4 Kxe7 38.Qxd6+ 1-0

[Event "POL-chT3"]
[Site "Jastrzebia Gora POL"]
[Date "2016.09.09"]
[Round "7.39"]
[White "Meczynski, Waldemar"]
[Black "Maciaga, Marcin"]
[Result "0-1"]
[WhiteElo "2032"]
[BlackElo "2120"]
[EventDate "2016.09.02"]

1.e4 c5 2.b4 d6 3.bxc5 dxc5 4.Bb2 Nc6 5.Bc4 Nf6 6.d3 g6 7.Nd2 Bg7 8.Rb1 
O-O 9.a3 a6 10.Ngf3 b5 11.Ba2 Bb7 12.O-O Rc8 13.Re1 e6 14.e5 Nd7 15.Rc1 
Qc7 16.Qe2 Ne7 17.Ne4 Nxe5 18.Nxe5 Bxe5 19.Nf6+ Bxf6 20.Bxf6 c4 21.dxc4 
bxc4 22.c3 Nd5 23.Be5 Qc6 24.f3 f6 25.Bg3 e5 26.Red1 Kg7 27.Kh1 Rfd8 28.
Bb1 Qa4 29.Be4 Nxc3 30.Bc2 Nxe2 31.Bxa4 Nxc1 32.Rxc1 Rd3 33.Ra1 c3 34.Bc2 
Rd2 35.Rc1 g5 36.h3 h5 37.Be1 g4 38.Bb3 gxf3 39.Bxd2 fxg2+ 40.Kh2 cxd2 41.
Rxc8 Bxc8 42.Kxg2 Kh6 43.Kf2 Bxh3 44.Ke2 h4 45.Kxd2 Bg2 46.Ke3 Bc6 47.Kf2 
Kg5 48.Kg1 f5 49.Kh2 f4 50.a4 a5 51.Kh3 e4 52.Bd1 e3 53.Kh2 f3 54.Kg1 e2 
0-1

[Event "POL-chT3"]
[Site "Jastrzebia Gora POL"]
[Date "2016.09.09"]
[Round "7.40"]
[White "Kowalec, Maciej"]
[Black "Walaszczyk, Witold"]
[Result "1/2-1/2"]
[WhiteElo "2100"]
[BlackElo "2088"]
[EventDate "2016.09.02"]

1.d4 d5 2.Nf3 Nf6 3.e3 g6 4.c4 c6 5.Be2 Bg7 6.O-O O-O 7.Nc3 Bf5 8.b3 c5 9.
Bb2 Nc6 10.dxc5 dxc4 11.Bxc4 Ne4 12.Nd4 Nxd4 13.Nxe4 Nxb3 14.Bxg7 Kxg7 15.
axb3 Bxe4 16.f3 Bc6 17.Qc2 Qc7 18.Qc3+ Kg8 19.Rfd1 b6 20.b4 bxc5 21.bxc5 
a5 22.Bd5 Bxd5 23.Rxd5 Rfc8 24.c6 a4 25.Rd4 Ra6 26.Rc4 Rxc6 27.Rxc6 Qxc6 
28.Qxc6 Rxc6 29.Rxa4 Rc2 30.e4 h5 1/2-1/2

[Event "POL-chT3"]
[Site "Jastrzebia Gora POL"]
[Date "2016.09.09"]
[Round "7.41"]
[White "Swiatnicki, Andrzej"]
[Black "Krasiewicz, Robert"]
[Result "1/2-1/2"]
[WhiteElo "2058"]
[BlackElo "2097"]
[EventDate "2016.09.02"]

1.e4 e6 2.d4 d5 3.exd5 exd5 4.Nf3 Bd6 5.c4 Nf6 6.Nc3 O-O 7.c5 Be7 8.Be2 b6
9.cxb6 axb6 10.Ne5 Bb7 11.O-O Nbd7 12.Qb3 c5 13.Nxd7 Qxd7 14.Be3 c4 15.Qc2
b5 16.a3 Ra6 17.Bf3 Re6 18.Rad1 Re8 19.Bf4 g6 20.h3 Bc6 21.Be5 Ne4 22.g4 
Ng5 23.Bg2 f6 24.Bf4 Nf7 25.Qd2 b4 26.axb4 Bxb4 27.Rfe1 Nd6 28.Bxd6 Qxd6 
29.Rxe6 Qxe6 30.Kf1 Kg7 31.Re1 Qxe1+ 32.Qxe1 Rxe1+ 33.Kxe1 Kf7 34.Ke2 Ke6 
35.Ke3 g5 36.f4 h6 37.Ne2 Bd6 38.Kf3 Bc7 39.Ke3 Bb8 40.f5+ Kd7 41.Kd2 
1/2-1/2

[Event "POL-chT3"]
[Site "Jastrzebia Gora POL"]
[Date "2016.09.09"]
[Round "7.42"]
[White "Gluszko, Monika"]
[Black "Bukowska, Katarzyna"]
[Result "0-1"]
[WhiteElo "1923"]
[BlackElo "1887"]
[EventDate "2016.09.02"]

1.e4 e5 2.Nf3 Nc6 3.Bc4 Nf6 4.d3 Be7 5.c3 O-O 6.Nbd2 d5 7.exd5 Nxd5 8.O-O 
Nf4 9.Ne4 Be6 10.Bb5 Ng6 11.Re1 h6 12.Ng3 Bd6 13.d4 exd4 14.Bxc6 bxc6 15.
Nxd4 Bd5 16.Ndf5 Qf6 17.Qh5 Bf4 18.Qg4 Bxc1 19.Raxc1 Be6 20.Qf3 Bxf5 21.
Nxf5 Kh8 22.Rcd1 Rfe8 23.Qg4 Re5 24.Rxe5 Qxe5 25.Nd4 Re8 26.g3 c5 27.Nc6 
Qe6 28.Qa4 Qe2 29.Qb3 Nh4 30.Qd5 Qe1+ 0-1

[Event "POL-chT3"]
[Site "Jastrzebia Gora POL"]
[Date "2016.09.09"]
[Round "7.43"]
[White "Kumala, Aleksander"]
[Black "Shkapenko, Pavel"]
[Result "0-1"]
[WhiteElo "2211"]
[BlackElo "2418"]
[EventDate "2016.09.02"]

1.c4 Nf6 2.Nf3 e6 3.Nc3 b6 4.d4 Bb7 5.Rg1 Bb4 6.g4 c5 7.g5 Ne4 8.Qc2 d5 9.
Rg4 O-O 10.Be3 cxd4 11.Bxd4 Nc6 12.O-O-O Nxd4 13.Rxd4 Qe7 14.Nxe4 dxe4 15.
Rdxe4 Bxe4 16.Qxe4 Qc5 17.g6 hxg6 18.Ne5 f5 19.Rh4 fxe4 20.Nxg6 Qg5+ 0-1

[Event "POL-chT3"]
[Site "Jastrzebia Gora POL"]
[Date "2016.09.09"]
[Round "7.44"]
[White "Bartel, Michal"]
[Black "Kasperek, Ryszard"]
[Result "0-1"]
[WhiteElo "2375"]
[BlackElo "2160"]
[EventDate "2016.09.02"]

1.e4 c5 2.Nf3 e6 3.g3 Nc6 4.Bg2 Nf6 5.Qe2 d5 6.exd5 Nxd5 7.O-O Be7 8.Rd1 
Nd4 9.Nxd4 cxd4 10.c4 Nb4 11.d3 a5 12.Na3 O-O 13.Nb5 f6 14.b3 e5 15.Ba3 
Kh8 16.Bxb4 axb4 17.Re1 Bc5 18.Be4 Ra6 19.Kh1 Re6 20.a3 bxa3 21.Nxa3 f5 
22.Bd5 Ree8 23.Nc2 Qd6 24.f3 b5 25.Ra2 g6 26.Rea1 bxc4 27.bxc4 e4 28.dxe4 
fxe4 29.fxe4 h5 30.Qd2 Kh7 31.Nxd4 Bg4 32.Qg5 Bxd4 33.Ra7+ Bxa7 34.Rxa7+ 
Bd7 35.c5 Rf1+ 36.Kg2 Rg1+ 37.Kxg1 Qxc5+ 38.Kg2 Qxa7 39.Qf6 Qe3 40.Qf7+ 
Kh6 41.Qxd7 Qe2+ 42.Kg1 Rb8 43.Bb7 Rf8 0-1

[Event "POL-chT3"]
[Site "Jastrzebia Gora POL"]
[Date "2016.09.09"]
[Round "7.45"]
[White "Puczylowski, Marcin"]
[Black "Mickiewicz, Piotr"]
[Result "1-0"]
[WhiteElo "2101"]
[BlackElo "2331"]
[EventDate "2016.09.02"]

1.e4 c5 2.Nf3 e6 3.d4 cxd4 4.Nxd4 Nf6 5.Nc3 d6 6.g3 Nc6 7.Bg2 Bd7 8.O-O 
Be7 9.Ndb5 Qb8 10.a4 O-O 11.Bf4 Ne5 12.Bg5 a6 13.Bxf6 Bxf6 14.Nd4 Rc8 15.
Nce2 b5 16.axb5 axb5 17.Rxa8 Qxa8 18.f4 Nc4 19.e5 Qxg2+ 20.Kxg2 Ne3+ 21.
Kf2 Nxd1+ 22.Rxd1 dxe5 23.fxe5 Be7 24.c3 Ra8 25.Nc2 Bc5+ 26.Kf3 Bc6+ 27.
Kf4 Bd5 28.Ra1 Ra4+ 29.b4 Rxa1 30.Nxa1 Bf2 31.Nc2 Bc4 32.Kf3 Bb6 33.Ned4 
Bc7 34.Na3 Bd5+ 35.Ke3 Bxe5 36.Ndxb5 h5 37.c4 Bb7 38.c5 h4 39.Kf2 hxg3+ 
40.hxg3 Bd5 41.Nc2 Kf8 42.Ne3 Bb3 43.Ng4 Bb2 44.Ke3 f5 45.Nf2 Ke7 46.Nd3 
Bf6 47.c6 Bd5 48.c7 Bb7 49.Nc5 Bc8 50.Na4 Be5 51.Nb6 Bb7 52.Kf2 g5 53.Nc4 
Bf6 54.Nbd6 Bd4+ 55.Ke2 Ba6 56.b5 Bc8 57.Nxc8+ Kd7 58.b6 Bxb6 59.N8xb6+ 
Kxc7 60.Kd3 Kc6 61.Kd4 g4 62.Ke5 Kc5 63.Kxe6 f4 64.gxf4 Kd4 65.Nd5 1-0

[Event "POL-chT3"]
[Site "Jastrzebia Gora POL"]
[Date "2016.09.09"]
[Round "7.46"]
[White "Kalinowski, Roman"]
[Black "Kanarkiewicz, Michal"]
[Result "1/2-1/2"]
[WhiteElo "2162"]
[BlackElo "2016"]
[EventDate "2016.09.02"]

1.d4 Nf6 2.Nf3 g6 3.g3 Bg7 4.Bg2 O-O 5.O-O d5 6.c4 c6 7.Nc3 dxc4 8.a4 a5 
9.h3 Na6 10.e4 Nb4 11.Be3 Rb8 12.Bf4 Ra8 13.Be3 Rb8 14.Bf4 Ra8 15.Be3 Rb8 
1/2-1/2

[Event "POL-chT3"]
[Site "Jastrzebia Gora POL"]
[Date "2016.09.09"]
[Round "7.47"]
[White "Zurkowski, Andrzej"]
[Black "Czajkowski, Adam"]
[Result "0-1"]
[WhiteElo "2073"]
[BlackElo "2260"]
[EventDate "2016.09.02"]

1.d4 Nf6 2.Nf3 g6 3.g3 Bg7 4.Bg2 O-O 5.O-O d6 6.c4 Nbd7 7.d5 e5 8.dxe6 
fxe6 9.Nc3 Nb6 10.Qb3 a5 11.a4 Kh8 12.Be3 Ra6 13.Rfd1 Qe7 14.Nb5 d5 15.
cxd5 exd5 16.Rac1 Nc4 17.Bd4 c6 18.Na3 Nd6 19.h3 Bf5 20.Rc3 Be4 21.Bc5 b6 
22.Bxd6 Qxd6 23.Nd4 c5 24.Ndb5 Qe7 25.f3 d4 26.Rcc1 Bd5 27.Qd3 Bh6 28.f4 
Bxg2 29.Kxg2 Nd5 30.Nxd4 cxd4 31.Qxa6 Nxf4+ 32.Kh2 Qe6 33.g4 Qe3 0-1

[Event "POL-chT3"]
[Site "Jastrzebia Gora POL"]
[Date "2016.09.09"]
[Round "7.48"]
[White "Sosnowska, Elzbieta"]
[Black "Murawko, Katarzyna"]
[Result "1/2-1/2"]
[WhiteElo "1867"]
[BlackElo "2031"]
[EventDate "2016.09.02"]

1.e4 c5 2.Nf3 a6 3.Nc3 e6 4.d4 cxd4 5.Nxd4 Qc7 6.Bd3 b5 7.a3 Bb7 8.O-O Nf6
9.Qe2 d6 10.f4 Nbd7 11.Kh1 Be7 12.Bd2 g6 13.Rae1 e5 14.Nf3 O-O 15.Qf2 exf4
16.Bxf4 Ne5 17.Nxe5 dxe5 18.Bg5 Nh5 19.Bh6 Ng7 20.Nd5 Bxd5 21.exd5 Qd6 22.
c4 bxc4 23.Bxc4 f6 24.b3 Kh8 25.a4 f5 26.Qe2 Bf6 27.g4 e4 28.gxf5 gxf5 29.
Qg2 Be5 30.Qh3 Qg6 31.Rg1 Qd6 32.Rg5 Ra7 33.Reg1 Bd4 34.Rf1 f4 35.Bxg7+ 
Rxg7 36.Rxg7 Bxg7 37.Qe6 Qxe6 38.dxe6 a5 39.e7 Re8 40.Rxf4 Rxe7 41.Kg2 Bc3
42.Kf2 e3+ 43.Ke2 Kg7 44.Rf3 Bd2 45.Rf5 h6 46.h3 1/2-1/2

[Event "POL-chT3"]
[Site "Jastrzebia Gora POL"]
[Date "2016.09.09"]
[Round "7.49"]
[White "Rudolf, Michal"]
[Black "Pulik, Krzysztof"]
[Result "1-0"]
[WhiteElo "2339"]
[BlackElo "2171"]
[EventDate "2016.09.02"]

1.d4 d5 2.c4 e6 3.Nc3 c5 4.cxd5 exd5 5.Nf3 Nc6 6.dxc5 d4 7.Na4 Bxc5 8.Nxc5
Qa5+ 9.Bd2 Qxc5 10.Rc1 Qb6 11.e3 Nf6 12.Bc4 dxe3 13.Bxe3 Qb4+ 14.Qd2 Qxd2+
15.Kxd2 O-O 16.Rhd1 Ng4 17.Ke2 Nxe3 18.fxe3 Bf5 19.Bd5 Bd7 20.a3 h6 21.b4 
Rfd8 22.b5 Ne7 23.Rc5 Rab8 24.Bc4 Be8 25.Rxd8 Rxd8 26.Rc7 Rd7 27.Bxf7+ 
Kxf7 28.Ne5+ Ke6 29.Nxd7 Bxd7 30.Rxb7 Nc8 31.a4 Nb6 32.a5 Nc4 33.Kf2 Nxa5 
34.Rxa7 Nc4 35.b6 Kd6 36.b7 Kc7 37.b8=Q+ 1-0

[Event "POL-chT3"]
[Site "Jastrzebia Gora POL"]
[Date "2016.09.09"]
[Round "7.50"]
[White "Kardys, Zbigniew"]
[Black "Warszawski, Bartosz"]
[Result "0-1"]
[WhiteElo "1986"]
[BlackElo "2223"]
[EventDate "2016.09.02"]

1.e4 c5 2.Nf3 e6 3.d4 cxd4 4.Nxd4 Nc6 5.Nc3 Qc7 6.Be2 a6 7.O-O Nf6 8.Kh1 
Be7 9.f4 d6 10.Be3 O-O 11.Qe1 Nxd4 12.Bxd4 b5 13.Bf3 Bb7 14.e5 Ne8 15.Bxb7
Qxb7 16.Ne4 Rc8 17.exd6 Nxd6 18.Nxd6 Bxd6 19.c3 Bc5 20.Bxc5 Rxc5 21.Rd1 
Rd5 22.Qe2 Rfd8 23.Rxd5 Qxd5 24.a4 Qd2 25.Qxd2 Rxd2 26.axb5 axb5 27.b4 Rc2
28.Ra1 g5 29.Kg1 gxf4 30.Ra5 Rxc3 31.Rxb5 Rc2 32.Rb8+ Kg7 33.b5 Rb2 34.b6 
Kf6 35.b7 Kf5 36.Kf1 Ke4 37.Ke1 f3 38.gxf3+ Kxf3 39.Rh8 Rxb7 40.Rxh7 e5 
41.Rh3+ Kg4 42.Rh7 Rb1+ 43.Ke2 f5 44.h3+ Kf4 45.Rh4+ Kg5 46.Rh8 Rb2+ 47.
Ke3 Rb3+ 48.Ke2 e4 49.Kf2 Kf4 50.Rh4+ Ke5 51.Rh5 Rb2+ 52.Kg3 Rb3+ 53.Kf2 
Ra3 54.Ke2 Kf4 55.Rh4+ Kg3 56.Rh8 f4 57.Rg8+ Kxh3 58.Re8 Kg2 0-1

[Event "POL-chT3"]
[Site "Jastrzebia Gora POL"]
[Date "2016.09.09"]
[Round "7.51"]
[White "Chalupnik, Marcin"]
[Black "Lewtak, Dominik"]
[Result "0-1"]
[WhiteElo "2191"]
[BlackElo "2095"]
[EventDate "2016.09.02"]

1.e4 e5 2.Nf3 Nc6 3.Bb5 a6 4.Ba4 Nf6 5.Qe2 b5 6.Bb3 Bc5 7.O-O O-O 8.d3 d6 
9.c3 Bb6 10.Nbd2 Na5 11.Bc2 c5 12.Rd1 Nc6 13.Nf1 h6 14.Ng3 d5 15.h3 Re8 
16.Nh4 Ne7 17.Qf3 Qd6 18.Bb3 Ra7 19.exd5 Nfxd5 20.Nhf5 Nxf5 21.Nxf5 Bxf5 
22.Qxf5 Rae7 23.Re1 Bc7 24.Bd2 c4 25.dxc4 bxc4 26.Ba4 Rb8 27.Rad1 Rxb2 28.
Bc1 Rxa2 29.Bc2 e4 30.Rd2 Qh2+ 31.Kf1 Qh1+ 32.Ke2 Nxc3+ 0-1

[Event "POL-chT3"]
[Site "Jastrzebia Gora POL"]
[Date "2016.09.09"]
[Round "7.52"]
[White "Wozniak, Maciej"]
[Black "Rams, Michal"]
[Result "0-1"]
[WhiteElo "2075"]
[BlackElo "2199"]
[EventDate "2016.09.02"]

1.e4 g6 2.d4 Bg7 3.Nc3 d6 4.f4 a6 5.Nf3 b5 6.Bd3 Nd7 7.e5 c5 8.Ng5 Nh6 9.
Qf3 Rb8 10.e6 Nf6 11.dxc5 Bxe6 12.Nxe6 fxe6 13.Qc6+ Kf7 14.cxd6 Qxd6 15.
Qf3 b4 16.Ne2 Nf5 17.O-O Nd5 18.Kh1 Nd4 19.Nxd4 Bxd4 20.Qe4 Nf6 21.Qe2 a5 
22.a3 Rhc8 23.axb4 axb4 24.Ra6 Rc6 25.Rxc6 Qxc6 26.Bc4 Nd5 27.f5 gxf5 28.
Qd3 Qc5 29.Rxf5+ exf5 30.Qxf5+ Kg7 31.Bxd5 Rd8 32.Qf7+ Kh8 33.Be4 Bg7 34.
Bd3 Rf8 35.Qc4 Qf2 36.h4 Qe1+ 37.Kh2 Be5+ 38.g3 Qxg3+ 39.Kh1 Qh2# 0-1

[Event "POL-chT3"]
[Site "Jastrzebia Gora POL"]
[Date "2016.09.09"]
[Round "7.54"]
[White "Krzyzanowska-zadlo, Lidia"]
[Black "Bednarska-bzdega, Malgorzata"]
[Result "0-1"]
[WhiteElo "1848"]
[BlackElo "2010"]
[EventDate "2016.09.02"]

1.e4 c5 2.Nc3 Nc6 3.f4 g6 4.Nf3 Bg7 5.Bb5 Nd4 6.Bd3 d6 7.O-O Nf6 8.Nxd4 
cxd4 9.Ne2 O-O 10.h3 Bd7 11.c3 Bc6 12.Qc2 dxc3 13.dxc3 Qb6+ 14.Kh2 Nd7 15.
Ng1 Rac8 16.Qe2 a6 17.Be3 Qc7 18.Rae1 b5 19.Qf2 Qb7 20.Nf3 e5 21.fxe5 Nxe5
22.Nxe5 Bxe5+ 23.Bf4 Rce8 24.g3 Re6 25.Bh6 Rfe8 26.Bc2 Rf6 27.Qg2 Rxf1 28.
Qxf1 Qe7 29.Bf4 Bxf4 30.gxf4 f5 31.e5 Qh4 32.Bb3+ Kg7 33.Re3 dxe5 34.fxe5 
Rd8 35.Re2 Rd3 0-1

[Event "POL-chT3"]
[Site "Jastrzebia Gora POL"]
[Date "2016.09.09"]
[Round "7.56"]
[White "Dzierzak, Radoslaw"]
[Black "Marszalek, Maciej"]
[Result "1/2-1/2"]
[WhiteElo "2204"]
[BlackElo "2318"]
[EventDate "2016.09.02"]

1.e4 d6 2.d4 Nf6 3.Nc3 g6 4.Nf3 Bg7 5.Be2 O-O 6.O-O c6 7.h3 b5 8.e5 Ne8 9.
Bf4 Nd7 10.Qd2 Nb6 11.Rad1 d5 12.Bh6 b4 13.Nb1 a5 14.Rfe1 Ba6 15.Bxa6 Rxa6
16.b3 Ra7 17.Rc1 f6 18.c3 Bxh6 19.Qxh6 Ng7 20.Qd2 bxc3 21.Qxc3 a4 22.Qxc6 
axb3 23.axb3 fxe5 24.Rxe5 e6 25.Nc3 Rc7 26.Qb5 Nd7 27.Ree1 Nf6 28.Ng5 Qc8 
29.Ne2 h6 30.Rxc7 Qxc7 31.Rc1 Qb8 32.Qxb8 Rxb8 33.Nf3 Rxb3 34.Rc8+ Kh7 35.
Rc7 g5 36.h4 Ne4 37.hxg5 1/2-1/2

[Event "POL-chT3"]
[Site "Jastrzebia Gora POL"]
[Date "2016.09.09"]
[Round "7.57"]
[White "Kuciel, Wladyslaw"]
[Black "Kastelik, Adrian"]
[Result "1/2-1/2"]
[WhiteElo "1928"]
[BlackElo "2114"]
[EventDate "2016.09.02"]

1.d4 d5 2.c4 c6 3.Nc3 dxc4 4.Nf3 Nf6 5.e3 b5 6.a4 b4 7.Nb1 e6 8.Bxc4 Be7 
9.Nbd2 O-O 10.O-O a5 11.Qe2 Nbd7 12.Nb3 Bb7 13.Rd1 Qc7 14.Bd2 Ne4 15.Rac1 
Qb6 16.Be1 Rfd8 17.Nfd2 c5 18.Nxe4 Bxe4 19.Bb5 Bd5 20.Qc2 cxd4 21.Nxd4 Nc5
22.f3 e5 23.Nf5 Bf8 24.Bh4 Bb3 25.Bxd8 Rxd8 26.Rxd8 Qxd8 27.Qe2 Nxa4 28.
Bxa4 Bxa4 29.Qa6 g6 30.Nh6+ Kg7 31.Ng4 h5 32.Nf2 Qd2 33.Ra1 Bb3 34.Qxa5 
Qxe3 35.Qb5 Bc5 36.Rf1 Be6 37.Kh1 b3 38.Qd3 Qxd3 39.Nxd3 Bd4 40.Re1 Bf5 
41.Nc1 Bc2 42.Re2 f5 43.Rd2 f4 44.g3 g5 45.h4 Kf6 46.gxf4 gxf4 47.Kg2 Be3 
48.Nxb3 Bxb3 49.Rd6+ Kf5 50.Rd8 Bd4 51.Rh8 Kg6 52.Rb8 Bc4 53.Rc8 Be2 54.
Rc2 Bb5 55.Rc8 Kf7 56.Rh8 Be2 57.Rxh5 Kg6 58.Rg5+ Kf6 59.b4 e4 60.fxe4 f3+
61.Kg3 Be5+ 62.Rxe5 Kxe5 63.h5 Kxe4 64.Kf2 Kf5 1/2-1/2

[Event "POL-chT3"]
[Site "Jastrzebia Gora POL"]
[Date "2016.09.09"]
[Round "7.58"]
[White "Mucha, Piotr"]
[Black "Widla, Piotr"]
[Result "1-0"]
[WhiteElo "2161"]
[BlackElo "2016"]
[EventDate "2016.09.02"]

1.e4 c5 2.Nc3 a6 3.f4 e6 4.Nf3 Nc6 5.g3 g6 6.Bg2 Bg7 7.e5 d5 8.exd6 Qxd6 
9.Ne4 Qe7 10.O-O Nh6 11.d3 Nf5 12.c3 h5 13.Qe2 Bd7 14.Qf2 b6 15.Ne5 Rc8 
16.Nc4 Rb8 17.a4 a5 18.h3 O-O 19.g4 hxg4 20.hxg4 Nh6 21.Qg3 f5 22.gxf5 
exf5 23.Ng5 Nd8 24.Re1 Qf6 25.Bd5+ Kh8 26.Ne5 Be8 27.c4 Qd6 28.Bd2 Rc8 29.
Bc3 Rc7 30.Qh3 Bc6 31.Qxh6+ 1-0

[Event "POL-chT3"]
[Site "Jastrzebia Gora POL"]
[Date "2016.09.09"]
[Round "7.59"]
[White "Popiol, Michal"]
[Black "Faron, Rafal"]
[Result "1/2-1/2"]
[WhiteElo "1959"]
[BlackElo "2062"]
[EventDate "2016.09.02"]

1.d4 d5 2.c4 dxc4 3.e3 e5 4.Nf3 exd4 5.exd4 Nf6 6.Bxc4 Bd6 7.O-O O-O 8.Nc3
Nc6 9.h3 h6 10.Re1 Bf5 11.a3 Qd7 12.d5 Ne7 13.Nd4 Bg6 14.g4 h5 15.f3 Bc5 
16.Kg2 hxg4 17.hxg4 Rad8 18.Nb3 Bb6 19.Bg5 Rfe8 20.Bxf6 gxf6 21.Bb5 c6 22.
dxc6 Qc7 23.Qe2 bxc6 24.Bc4 Nd5 25.Qxe8+ Rxe8 26.Rxe8+ Kg7 27.Rae1 Ne3+ 
28.R1xe3 Bxe3 29.Rxe3 Qf4 30.Kf2 Qxc4 31.Nd2 Qf4 32.Nf1 Qb8 33.b4 Qb6 34.
f4 Bd3 35.Nd2 Qd4 36.Nce4 Bxe4 37.Nxe4 1/2-1/2

[Event "POL-chT3"]
[Site "Jastrzebia Gora POL"]
[Date "2016.09.09"]
[Round "7.60"]
[White "Binkowska, Agata"]
[Black "Wesolowska, Hanna"]
[Result "0-1"]
[WhiteElo "1776"]
[BlackElo "1890"]
[EventDate "2016.09.02"]

1.e4 e5 2.d4 exd4 3.Nf3 Nc6 4.Bc4 Bb4+ 5.c3 dxc3 6.bxc3 Bd6 7.O-O Qf6 8.
Bg5 Qg6 9.e5 Be7 10.Bf4 Qe4 11.Nd4 Qxf4 12.g3 Qxe5 13.Nb5 Kd8 14.Re1 Qc5 
15.Nd2 a6 16.Nd4 Nxd4 17.cxd4 Qf5 18.Re5 Qg6 19.Qb3 Nh6 20.Rae1 Re8 21.h4 
Qb6 22.Qe3 Ng4 23.Qf4 Nxe5 24.Rxe5 Bf6 0-1

[Event "POL-chT3"]
[Site "Jastrzebia Gora POL"]
[Date "2016.09.09"]
[Round "7.61"]
[White "Banasik, Krzysztof"]
[Black "Maciol, Ryszard"]
[Result "1-0"]
[WhiteElo "2253"]
[BlackElo "2130"]
[EventDate "2016.09.02"]

1.e4 e6 2.d3 d5 3.Qe2 Nf6 4.Nf3 Be7 5.g3 b6 6.Nbd2 Bb7 7.Bg2 c5 8.O-O Nc6 
9.a3 Qc7 10.Re1 d4 11.e5 Nd5 12.h4 h6 13.Nf1 b5 14.Bd2 a5 15.c3 Nb6 16.
cxd4 cxd4 17.Rac1 Qd7 18.N1h2 b4 19.axb4 Nxb4 20.h5 Na4 21.Rc4 Bd5 22.Rxd4
Qb5 23.Bxb4 Bxb4 24.Ra1 Nc5 25.Rd1 Rd8 26.Qe3 Qa4 27.Rf1 O-O 28.Rg4 Kh8 
1-0